000 00210 a2200097 4500
001 20506
100 _aBetekhtin A
245 _aCourse of Mineralogy
260 _a
_bPeace Publishers
_c
090 _c14903
_d14903
942 _aNUST-CAE
_cM
_c5451
999 _c255579
_d255579